El panteón romano de Lucus Augusti / (Record no. 34026)

MARC details
000 -LEADER
campo de control de longitud fija 00636nam a2200181 i 4500
001 - NÚMERO DE CONTROL
campo de control 34026
003 - IDENTIFICADOR DE NÚMERO DE CONTROL
campo de control ES-MaACL
005 - FECHA Y HORA DE LA ÚLTIMA TRANSACCIÓN
campo de control 20230906154849.0
007 - CAMPO FIJO DE DESCRIPCIÓN FÍSICA--INFORMACIÓN GENERAL
campo de control de longitud fija t|
008 - DATOS DE LONGITUD FIJA--INFORMACIÓN GENERAL
campo de control de longitud fija 030204q1976 sp ||||1| spa d
100 1# - ENTRADA PRINCIPAL--NOMBRE DE PERSONA
Nombre de persona Blanco Freijeiro, Antonio.
9 (RLIN) 29252
245 13 - MENCIÓN DEL TÍTULO
Título El panteón romano de Lucus Augusti /
Mención de responsabilidad, etc. Antonio Blanco Freijeiro.
260 ## - PUBLICACIÓN, DISTRIBUCIÓN, ETC.
Lugar de publicación, distribución, etc. [Lugo :
Nombre del editor, distribuidor, etc. Patronato del Bimilenario,
Fecha de publicación, distribución, etc. 1976]
300 ## - DESCRIPCIÓN FÍSICA
Extensión 8 h., 3 lám. ;
Dimensiones 24 cm.
500 ## - NOTA GENERAL
Nota general Es separata de: Actas del Coloquio Internacional sobre el Bimilenario de Lugo, p. 107-122.
710 2# - ENTRADA AGREGADA--NOMBRE DE ENTIDAD CORPORATIVA
Nombre de entidad corporativa o nombre de jurisdicción como elemento de entrada Patronato del Bimilenario de Lugo.
9 (RLIN) 6179
852 ## - LOCALIZACIÓN
Ubicación ES-MaACL
Número de control de estantería 2116-F-25
Sublocalización o colección R.100400
Holdings
Estatus retirado Estado de pérdida Estado de daño No para préstamo Colección Biblioteca de origen Biblioteca actual Ubicación en estantería Fecha de adquisición Fuente de adquisición Total de préstamos Signatura topográfica completa Código de barras Visto por última vez Precio de reemplazo Tipo de ítem Koha
        Colección de folletos Biblioteca del Ateneo de Madrid Biblioteca del Ateneo de Madrid Depósito folletos 17/01/2008     2116-F-25 1035466 23/02/2023 23/02/2023 Folleto